La escarapela (Record no. 173955)

MARC details
000 -LEADER
campo de control de longitud fija 00918nam a2200193 i 4500
001 - NÚMERO DE CONTROL
campo de control 173955
003 - IDENTIFICADOR DE NÚMERO DE CONTROL
campo de control ES-MaACL
005 - FECHA Y HORA DE LA ÚLTIMA TRANSACCIÓN
campo de control 20230906215412.0
008 - DATOS DE LONGITUD FIJA--INFORMACIÓN GENERAL
campo de control de longitud fija 100203s1900 sp |||| | spa d
100 1# - ENTRADA PRINCIPAL--NOMBRE DE PERSONA
Nombre de persona Maestre, Tomás,
Fechas asociadas al nombre 1857-1936
9 (RLIN) 75394
245 13 - MENCIÓN DEL TÍTULO
Título La escarapela
Resto del título : drama en tres actos (el último dividido en dos cuadros) y en prosa /
Mención de responsabilidad, etc. original de Tomás Maestre.
260 ## - PUBLICACIÓN, DISTRIBUCIÓN, ETC.
Lugar de publicación, distribución, etc. Madrid :
Nombre del editor, distribuidor, etc. [s.n.],
Fecha de publicación, distribución, etc. 1900 (
Fabricante R. Velasco, imp.)
300 ## - DESCRIPCIÓN FÍSICA
Extensión 69 p. ;
Dimensiones 20 cm.
594 ## - Nota al título y mención de responsabilidad
Nota al título y mención de responsabilidad En port.: Estrenado en el Teatro Español la noche del 24 de marzo de 1900.
594 ## - Nota al título y mención de responsabilidad
Nota al título y mención de responsabilidad En cub. precede al tít.: Sociedad de Autores Españoles.
710 2# - ENTRADA AGREGADA--NOMBRE DE ENTIDAD CORPORATIVA
Nombre de entidad corporativa o nombre de jurisdicción como elemento de entrada Sociedad de Autores Españoles.
9 (RLIN) 171890
852 ## - LOCALIZACIÓN
Ubicación ES-MaACL
Número de control de estantería F-8634(5)
Nota libre - Enc. pasta española
-- - Enc. en un vol. facticio formando parte de la col. facticia "Teatro español moderno", v. 89
-- . - Dedicatoria autógrafa del autor
Holdings
Estatus retirado Estado de pérdida Estado de daño No para préstamo Colección Biblioteca de origen Biblioteca actual Ubicación en estantería Fecha de adquisición Fuente de adquisición Total de préstamos Signatura topográfica completa Código de barras Visto por última vez Precio de reemplazo Tipo de ítem Koha
        Libros del s. XIX Biblioteca del Ateneo de Madrid Biblioteca del Ateneo de Madrid Sala Pecera Planta 2 03/02/2010     F-8634(5) 1182602 23/02/2023 23/02/2023 Libro impreso antiguo